[Event "Metz op"]
[Site "Metz"]
[Date "1997.??.??"]
[Round "3"]
[White "Kasimdzhanov, Rustam"]
[Black "Georgiev, Kiril"]
[Result "0-1"]
[WhiteElo "2465"]
[BlackElo "2645"]
[PlyCount "106"]
[EventDate "1997.??.??"]
[Source "www.chesslib.no"]
[SourceDate "2004.05.04"]

1. e4 c5 2. Nf3 d6 3. d4 cxd4 4. Nxd4 Nf6 5. f3 e5 6. Nb3 Be6 7. Nc3 Be7 8. Be3 Nbd7 9. Qd2 a6 10. O-O-O h5 11. Nd5 Nxd5 12. exd5 Bf5 13. Bd3 Bxd3 14. Qxd3 Bg5 15. Kb1 Bxe3 16. Qxe3 O-O 17. h4 Nf6 18. c4 Rc8 19. Qd3 Qd7 20. Rhe1 Rfe8 21. Nd2 b5 22. cxb5 axb5 23. Rc1 g6 24. Ne4 Kg7 25. Rc6 Nxe4 26. Qxe4 Ra8 27. b3 Qa7 28. Re2 Qg1+ 29. Rc1 Qh2 30. Qb4 Red8 31. Rec2 Ra7 32. Re2 Re7 33. Rc6 Red7 34. Rc1 f5 35. Rec2 e4 36. Rc7 Kh6 37. Qd2+ f4 38. fxe4 Qxh4 39. R7c3 Qg5 40. Rf1 Rf7 41. g3 Rdf8 42. Qd4 Qf6 43. Qd2 Qe5 44. gxf4 Qxe4+ 45. Kb2 Rxf4 46. Re3 Qf5 47. Re6 Qg5 48. Rxf4 Qxf4 49. Qxf4+ Rxf4 50. Rxd6 h4 51. Kc3 h3 52. Re6 b4+ 53. Kc2 Kg5 0-1

[Event "Mikenas mem op"]
[Site "Vilnius"]
[Date "1997.??.??"]
[Round "?"]
[White "Aseev, Konstantin N"]
[Black "Fedorov, Alexei"]
[Result "0-1"]
[WhiteElo "2530"]
[BlackElo "2580"]
[PlyCount "66"]
[EventDate "1997.??.??"]
[Source "www.chesslib.no"]
[SourceDate "2004.05.04"]

1. e4 c5 2. Nf3 d6 3. d4 cxd4 4. Nxd4 Nf6 5. f3 e6 6. c4 Be7 7. Nc3 O-O 8. Nc2 a6 9. Be2 Nbd7 10. Be3 Qc7 11. Rc1 b6 12. O-O Bb7 13. Qd2 Rac8 14. Nd4 Qb8 15. Rfd1 Bd8 16. Bf1 Bc7 17. g3 Rfe8 18. Bf2 Ne5 19. b3 Rcd8 20. Bg2 Ng6 21. Re1 h5 22. Qg5 h4 23. Rcd1 Rc8 24. Nde2 hxg3 25. hxg3 Ba8 26. a4 d5 27. exd5 exd5 28. cxd5 Re5 29. Qd2 Nxd5 30. f4 Nxc3 31. Nxc3 Bxg2 32. Kxg2 Qb7+ 33. Kg1 Rh5 0-1

[Event "It (Open) Sevilla ESP"]
[Site "?"]
[Date "2006.01.14"]
[Round "8.4"]
[White "Fernandez Romero Ernesto"]
[Black "Korneev Oleg"]
[Result "0-1"]
[WhiteElo "2460"]
[BlackElo "2649"]
[PlyCount "78"]
[EventDate "2006.??.??"]
[Source "www.chesslib.no"]
[SourceDate "2004.05.04"]

1. e4 c5 2. Nf3 d6 3. d4 cxd4 4. Nxd4 Nf6 5. f3 e5 6. Nb3 Be6 7. c4 Be7 8. Nc3 O-O 9. Be3 a6 10. Be2 Nbd7 11. O-O Qb8 12. Qd2 Rc8 13. Nd5 Bxd5 14. cxd5 b6 15. Rfc1 Nc5 16. Qb4 h6 17. Nd2 Nfd7 18. Qa3 a5 19. Bb5 Ra7 20. Rc4 Bg5 21. Rac1 Nf6 22. Qc3 Nh5 23. Bxg5 hxg5 24. Qe3 Rf8 25. b3 Nf4 26. R4c3 f5 27. exf5 Raf7 28. Bc6 Rxf5 29. a3 Qd8 30. b4 axb4 31. axb4 Nd7 32. Ra3 R5f7 33. Ra7 g4 34. fxg4 Qg5 35. Bxd7 Nh3+ 36. Qxh3 Qxd2 37. Bf5 Qxc1+ 38. Kf2 Qd2+ 39. Kf1 g6 0-1

[Event "X Open"]
[Site "Dubai EAU"]
[Date "2008.04.13"]
[Round "8"]
[White "El Taher, Fouad"]
[Black "Pantsulaia, Levan"]
[Result "1-0"]
[WhiteElo "2486"]
[BlackElo "2617"]
[PlyCount "107"]
[EventDate "2008.04.07"]
[Source "www.chesslib.no"]
[SourceDate "2004.05.04"]

1. e4 c5 2. Nf3 d6 3. d4 cxd4 4. Nxd4 Nf6 5. f3 Qb6 6. c4 Nc6 7. Nc2 e6 8. Nc3 Be7 9. Rb1 O-O 10. Be3 Qc7 11. Be2 a6 12. O-O Ne5 13. Qd4 Ned7 14. Rbc1 b6 15. Rfd1 Bb7 16. Qd2 Rac8 17. Bf1 Qb8 18. Kh1 Ba8 19. a3 h6 20. Nb4 Nc5 21. Qf2 Kh8 22. Nba2 Rg8 23. b4 Ncd7 24. Na4 Bd8 25. Qd2 g5 26. Qxd6 Bc7 27. Qe7 Rce8 28. Qxf7 Rg7 29. Rxd7 Nxd7 30. Qh5 Be5 31. Nxb6 Nf6 32. Qh3 Bb7 33. Rd1 h5 34. c5 h4 35. Nc4 Bf4 36. Bxf4 Qxf4 37. Nd6 Ree7 38. Nc1 Bc6 39. Nd3 Qe3 40. Ne5 Ba4 41. Nec4 Qf2 42. Rc1 Nh5 43. Ne5 Qd4 44. f4 Nxf4 45. Qc3 Qf2 46. Ng4 Qa2 47. Ra1 Qb3 48. Qxb3 Bxb3 49. Bxa6 Ra7 50. b5 Nd3 51. c6 Rgc7 52. Bb7 Nc5 53. b6 Nxb7 54. bxa7 1-0

[Event "Santos Mario Covas 1st"]
[Site "Santos"]
[Date "2001.02.02"]
[Round "5"]
[White "Rodriguez, Andres"]
[Black "Milos, Gilberto"]
[Result "1-0"]
[WhiteElo "2493"]
[BlackElo "2608"]
[PlyCount "69"]
[EventDate "2001.01.29"]
[Source "ChessBase"]
[SourceDate "2001.05.17"]

1. e4 c5 2. Nf3 d6 3. d4 cxd4 4. Nxd4 Nf6 5. f3 e5 6. Nb3 Be6 7. c4 Nbd7 8. Be3 Rc8 9. Nc3 Bxc4 10. Bxc4 Rxc4 11. O-O a6 12. Nd5 Be7 13. Nxe7 Kxe7 14. Qd2 Qb8 15. Na5 Rcc8 16. Qb4 b6 17. Nc4 b5 18. Na5 Rc2 19. Rf2 Rhc8 20. Rd1 Rxf2 21. Bxf2 Rc2 22. Be1 Qb6+ 23. Kh1 Nc5 24. Qa3 Ne6 25. Qb3 Re2 26. Bb4 Qf2 27. Rg1 Nd4 28. Qa3 Kd7 29. Nb7 Qe3 30. Qxa6 Ne8 31. Nxd6 Nc7 32. Qc8+ Kc6 33. Nxf7 Nde6 34. Nxe5+ Kb6 35. Rd1 1-0

[Event "Budapest FS02 GM"]
[Site "Budapest"]
[Date "1996.??.??"]
[Round "13"]
[White "Varga, Zoltan"]
[Black "Dao Thien Hai"]
[Result "1/2-1/2"]
[WhiteElo "2540"]
[BlackElo "2560"]
[PlyCount "84"]
[EventDate "1996.02.??"]
[Source "ChessBase"]

1. e4 c5 2. Nf3 d6 3. d4 cxd4 4. Nxd4 Nf6 5. f3 e5 6. Nb3 d5 7. Bg5 Be6 8. Bxf6 gxf6 9. exd5 Qxd5 10. Qxd5 Bxd5 11. Nc3 Be6 12. O-O-O a6 13. Na5 Ra7 14. Nd5 Bxd5 15. Rxd5 b6 16. Nc4 b5 17. Nd6+ Bxd6 18. Rxd6 Ke7 19. Rd2 Nc6 20. Bd3 Rd7 21. Rhd1 h6 22. c3 Rb8 23. Bf5 Rxd2 24. Rxd2 Rb7 25. b4 Rc7 26. Kb2 Nd8 27. Re2 Nb7 28. Be4 Nd6 29. Bd5 Nc4+ 30. Bxc4 Rxc4 31. Kb3 Rc6 32. Rc2 Rd6 33. c4 Rd3+ 34. Rc3 Rd2 35. cxb5 axb5 36. Rc5 Rxg2 37. Rxb5 Rf2 38. a4 Rxf3+ 39. Kb2 Rf2+ 40. Kb3 Rf3+ 41. Kb2 Rf2+ 42. Kb3 Rf3+ 1/2-1/2

[Event "Pamplona 9394"]
[Site "Pamplona"]
[Date "1993.??.??"]
[Round "6"]
[White "Magem Badals, Jordi"]
[Black "Greenfeld, Alon"]
[Result "1/2-1/2"]
[WhiteElo "2505"]
[BlackElo "2590"]
[PlyCount "35"]
[EventDate "1993.12.??"]
[Source "ChessBase"]

1. e4 c5 2. Nf3 d6 3. d4 cxd4 4. Nxd4 Nf6 5. f3 Nc6 6. Nc3 e5 7. Nb3 Be7 8. Be3 O-O 9. Qd2 a5 10. Bb5 Na7 11. Be2 Bd7 12. a4 Nc6 13. Nd5 Nxd5 14. exd5 Nb4 15. c3 Na6 16. O-O h6 17. Bb5 Nb8 18. Qe2 1/2-1/2

[Event "Elista ol (Men)"]
[Site "Elista"]
[Date "1998.10.12"]
[Round "13"]
[White "Varga, Zoltan"]
[Black "Hoffman, Alejandro"]
[Result "1-0"]
[WhiteElo "2565"]
[BlackElo "2525"]
[PlyCount "120"]
[EventDate "1998.09.29"]
[Source "ChessBase"]
[SourceDate "1998.11.06"]

1. e4 c5 2. Nf3 d6 3. d4 cxd4 4. Nxd4 Nf6 5. f3 Nc6 6. c4 Qb6 7. Nc2 g6 8. Nc3 Bg7 9. Rb1 Ng4 10. Qd2 Bh6 11. Qe2 Bxc1 12. Nd5 Qd8 13. Rxc1 Nge5 14. Qd2 O-O 15. Be2 a5 16. O-O Nd7 17. b3 Nc5 18. Nce3 e5 19. Nc2 Ne6 20. f4 exf4 21. Nxf4 Nc5 22. Bf3 Ne5 23. Rcd1 Ra6 24. Nd4 Qg5 25. Kh1 a4 26. b4 Ncd7 27. Be2 Nf6 28. Nd5 Nxe4 29. Qxg5 Nxg5 30. c5 dxc5 31. Bxa6 cxd4 32. Bb5 d3 33. Rde1 Nc6 34. Bxa4 Kg7 35. Bxc6 bxc6 36. Nc3 Rd8 37. Rf2 Rd4 38. Rd2 Bf5 39. b5 cxb5 40. Nxb5 Rd5 41. Nc3 Rc5 42. Nd1 h5 43. h4 Ne6 44. Ne3 Be4 45. Kg1 f5 46. Kf2 Kf6 47. Rb1 f4 48. Nf1 g5 49. Rb4 Bf5 50. g3 gxh4 51. gxh4 Rc1 52. Rdb2 Nc5 53. Nd2 Rh1 54. Rxf4 Ke5 55. Rc4 Ne4+ 56. Kg2 Rd1 57. Rb5+ Kf4 58. Rxf5+ Kxf5 59. Nxe4 Ra1 60. Ra4 Ke5 1-0

[Event "35th T-ch GR"]
[Site "Ermioni"]
[Date "2006.07.08"]
[Round "5.3"]
[White "Mastrovasilis, Dimitrios"]
[Black "Vouldis, Angelos"]
[Result "1-0"]
[WhiteElo "2567"]
[BlackElo "2521"]
[PlyCount "77"]
[EventDate "2006.07.??"]
[Source "www.chesslib.no"]
[SourceDate "2004.05.04"]

1. e4 c5 2. Nf3 d6 3. d4 cxd4 4. Nxd4 Nf6 5. f3 e5 6. Nb3 Be7 7. c4 a5 8. Be3 a4 9. Nc1 Nc6 10. Bd3 Qa5+ 11. Qd2 Bd8 12. Ne2 Be6 13. Na3 Bb6 14. Qxa5 Bxa5+ 15. Nc3 Ke7 16. Ke2 Nd7 17. Nd5+ Bxd5 18. cxd5 Nd4+ 19. Bxd4 exd4 20. Bb5 Ne5 21. Rhc1 Bb6 22. f4 Ng4 23. Nc4 Bc5 24. h3 Ne3 25. Nxe3 dxe3 26. Rxc5 dxc5 27. e5 Rhd8 28. d6+ Kf8 29. Rc1 b6 30. Kxe3 Ra5 31. Be2 a3 32. b3 Re8 33. Ke4 g6 34. Rc4 Raa8 35. Kd5 f6 36. Ra4 Rxa4 37. bxa4 fxe5 38. fxe5 c4 39. Bxc4 1-0

[Event "RUS-ch sf"]
[Site "Kstovo"]
[Date "1998.??.??"]
[Round "8"]
[White "Yandemirov, Valeri"]
[Black "Voitsekhovsky, Stanislav"]
[Result "1/2-1/2"]
[WhiteElo "2545"]
[BlackElo "2540"]
[PlyCount "37"]
[EventDate "1998.??.??"]
[Source "www.chesslib.no"]
[SourceDate "2004.05.04"]

1. e4 c5 2. Nf3 d6 3. d4 cxd4 4. Nxd4 Nf6 5. f3 a6 6. c4 e6 7. Nc3 Be7 8. Be3 O-O 9. Be2 b6 10. O-O Bb7 11. Qd2 Nbd7 12. Rac1 Rc8 13. Kh1 Ne5 14. b3 Qc7 15. Na4 Ned7 16. Rfd1 Rfe8 17. Bg1 Qb8 18. Nc2 d5 19. exd5 1/2-1/2

[Event "Corr"]
[Site "?"]
[Date "2000.09.25"]
[Round "?"]
[White "Gysi Adolf (SUI)"]
[Black "Morgado Juan Sebastian (ARG"]
[Result "1/2-1/2"]
[WhiteElo "2483"]
[BlackElo "2602"]
[PlyCount "46"]
[EventDate "2000.??.??"]
[Source "www.chesslib.no"]
[SourceDate "2004.05.04"]

1. e4 c5 2. Nf3 d6 3. d4 cxd4 4. Nxd4 Nf6 5. f3 Nc6 6. c4 Qb6 7. Nc2 g6 8. Nc3 Bg7 9. Rb1 Ng4 10. Qd2 Bh6 11. Qe2 Bxc1 12. Nd5 Qd8 13. Rxc1 Nge5 14. Qd2 e6 15. Nc3 Qh4+ 16. Qf2 Qxf2+ 17. Kxf2 Ke7 18. Be2 f5 19. f4 Ng4+ 20. Bxg4 fxg4 21. Rcd1 h5 22. Rd2 Rf8 23. Ke3 Nd8 1/2-1/2

[Event "Linares Anibal op 9th"]
[Site "Linares"]
[Date "2002.03.04"]
[Round "4"]
[White "Li Shilong"]
[Black "Kempinski, Robert"]
[Result "1/2-1/2"]
[WhiteElo "2509"]
[BlackElo "2576"]
[PlyCount "67"]
[EventDate "2002.03.01"]
[Source "ChessBase"]
[SourceDate "2002.05.03"]

1. e4 c5 2. Nf3 d6 3. d4 cxd4 4. Nxd4 Nf6 5. f3 e5 6. Nb3 d5 7. Bg5 Be6 8. Bxf6 gxf6 9. exd5 Bxd5 10. Nc3 Bb4 11. Qd3 Bxb3 12. Qxd8+ Kxd8 13. axb3 Nd7 14. O-O-O Bxc3 15. bxc3 Ke7 16. Bd3 Nc5 17. Bf5 b6 18. Rhe1 Rad8 19. Rxd8 Rxd8 20. g3 h6 21. f4 Ne6 22. Bh3 Rd5 23. c4 Ra5 24. fxe5 Rxe5 25. Rd1 Rh5 26. Bg2 Rxh2 27. Bc6 f5 28. Rd7+ Kf6 29. b4 a6 30. Rd6 Ke7 31. Rd7+ Kf6 32. Rd6 Ke7 33. Rd7+ Kf6 34. Rd6 1/2-1/2

[Event "Ljubljana"]
[Site "Ljubljana"]
[Date "1997.??.??"]
[Round "3"]
[White "Efimov, Igor"]
[Black "Atalik, Suat"]
[Result "1-0"]
[WhiteElo "2530"]
[BlackElo "2555"]
[PlyCount "73"]
[EventDate "1997.05.20"]
[Source "ChessBase"]
[SourceDate "1997.07.29"]

1. e4 c5 2. Nf3 d6 3. d4 cxd4 4. Nxd4 Nf6 5. f3 Nc6 6. c4 Qb6 7. Nb3 a5 8. Nc3 a4 9. Nd2 Ne5 10. Qe2 g6 11. f4 Nc6 12. Nf3 Bh6 13. Be3 Qa5 14. Bd2 a3 15. b4 Nxb4 16. Rb1 Qc5 17. e5 Ng4 18. Nd5 Nxd5 19. cxd5 dxe5 20. h3 Nf6 21. Rb5 Qc2 22. fxe5 Bxd2+ 23. Qxd2 Qxd2+ 24. Nxd2 Nh5 25. Bc4 Ng3 26. Rg1 Ra4 27. Rb3 Rxc4 28. Nxc4 Nf5 29. Nb6 Kd8 30. Kd2 Nd4 31. Rxa3 Bf5 32. Ra8+ Kc7 33. Rxh8 Kxb6 34. Rc1 Nb5 35. Ke3 h5 36. a4 Nc7 37. a5+ 1-0

[Event "SLO-chT"]
[Site "Bled"]
[Date "2000.10.18"]
[Round "5"]
[White "Sax, Gyula"]
[Black "Cebalo, Miso"]
[Result "1/2-1/2"]
[WhiteElo "2563"]
[BlackElo "2520"]
[PlyCount "32"]
[EventDate "2000.10.14"]
[Source "www.chesslib.no"]
[SourceDate "2004.05.04"]

1. e4 c5 2. Nf3 d6 3. d4 cxd4 4. Nxd4 Nf6 5. f3 g6 6. c4 Bg7 7. Nc3 O-O 8. Be3 Nc6 9. Qd2 Nxd4 10. Bxd4 Qa5 11. Rc1 Be6 12. Be3 Rfc8 13. b3 Nd7 14. Nd5 Qxd2+ 15. Bxd2 Bxd5 16. cxd5 a6 1/2-1/2

[Event "7th Amplico AIG Life 9th-12th"]
[Site "Warsaw POL"]
[Date "2007.12.16"]
[Round "1"]
[White "Mastrovasilis, D."]
[Black "Jakubiec, A."]
[Result "0-1"]
[WhiteElo "2559"]
[BlackElo "2524"]
[PlyCount "88"]
[EventDate "2007.12.16"]
[Source "www.chesslib.no"]
[SourceDate "2004.05.04"]

1. e4 c5 2. Nf3 d6 3. d4 cxd4 4. Nxd4 Nf6 5. f3 e5 6. Nb3 Be7 7. c4 a5 8. Be3 a4 9. N3d2 Qa5 10. Nc3 a3 11. b4 Qxb4 12. Nd5 Nxd5 13. cxd5 Qc3 14. Kf2 O-O 15. Rc1 Qb4 16. Rb1 Qa4 17. Qxa4 Rxa4 18. Bb5 Ra8 19. Nc4 Na6 20. Rhc1 Rd8 21. Nb6 Rb8 22. Bxa6 bxa6 23. Rc7 Bh4+ 24. g3 Bf6 25. Rbc1 Bh3 26. Ra7 h5 27. Rcc7 Rf8 28. Rxa6 Bd8 29. Rc6 f5 30. exf5 Rxf5 31. Rxd6 Bg4 32. f4 exf4 33. gxf4 Bh4+ 34. Kg2 Re8 35. Ra8 Rff8 36. Rxa3 Re4 37. Nd7 Rc8 38. Ne5 Rc2+ 39. Kg1 Rxe3 40. Rxe3 Bf2+ 41. Kh1 Bxe3 42. Nxg4 hxg4 43. Rg6 Rc1+ 44. Kg2 Rg1# 0-1

[Event "EU-ch 2nd"]
[Site "Ohrid"]
[Date "2001.06.07"]
[Round "7"]
[White "Czebe, Attila"]
[Black "Huzman, Alexander"]
[Result "1/2-1/2"]
[WhiteElo "2502"]
[BlackElo "2578"]
[PlyCount "107"]
[EventDate "2001.06.01"]
[Source "ChessBase"]
[SourceDate "2001.09.13"]

1. e4 c5 2. Nf3 d6 3. d4 cxd4 4. Nxd4 Nf6 5. f3 e5 6. Nb3 d5 7. Bg5 Be6 8. Bxf6 gxf6 9. exd5 Qxd5 10. Qxd5 Bxd5 11. Nc3 Be6 12. O-O-O Nd7 13. Nb5 Ke7 14. Nd6 Bh6+ 15. Kb1 b6 16. Bc4 Rad8 17. Bxe6 fxe6 18. Nb5 a6 19. Nd6 Nb8 20. Nc4 b5 21. Nca5 Rxd1+ 22. Rxd1 Rc8 23. Nc1 Nd7 24. Nd3 Be3 25. Re1 Bb6 26. Nb3 Kf7 27. Nd2 Nc5 28. Nxc5 Rxc5 29. c3 f5 30. Kc2 Kf6 31. Nb3 Rd5 32. Nc1 Bc7 33. Nd3 a5 34. b3 h5 35. h4 Rd8 36. Nb2 Bb6 37. Rd1 Rxd1 38. Kxd1 Ke7 39. Ke2 Kd6 40. Nd3 Bd8 41. g3 Kd5 42. Nf2 Be7 43. Kd3 Bd8 44. c4+ bxc4+ 45. bxc4+ Kc6 46. Nh3 Bb6 47. Ke2 Kd6 48. Ng5 Ke7 49. g4 hxg4 50. fxg4 Kf6 51. Nh7+ Kg7 52. Ng5 Kf6 53. Nh7+ Kg7 54. Ng5 1/2-1/2

[Event "Karadjordje Serbia"]
[Site "Topola"]
[Date "2004.05.04"]
[Round "1"]
[White "Pikula, Dejan"]
[Black "Ruck, Robert"]
[Result "1/2-1/2"]
[WhiteElo "2523"]
[BlackElo "2556"]
[PlyCount "85"]
[EventDate "2004.05.04"]
[Source "ChessBase"]
[SourceDate "2004.07.27"]

1. e4 c5 2. Nf3 d6 3. d4 cxd4 4. Nxd4 Nf6 5. f3 Qb6 6. c4 Nc6 7. Nc2 e6 8. Nc3 Be7 9. b3 O-O 10. Be3 Qa5 11. Qd2 Rd8 12. Nb5 Qxd2+ 13. Bxd2 d5 14. exd5 exd5 15. Nc7 Rb8 16. Nxd5 Nxd5 17. cxd5 Rxd5 18. O-O-O Bf5 19. Bc4 Rc5 20. Be3 Ra5 21. a4 Ne5 22. Bf4 Rc8 23. Bxe5 Rxe5 24. Rhe1 Bg5+ 25. Kb1 Rec5 26. g4 Bxc2+ 27. Kxc2 a6 28. Kb2 b5 29. axb5 axb5 30. Rd5 g6 31. Rxc5 Rxc5 32. Bd3 Bf6+ 33. Ka3 Rd5 34. Re8+ Kg7 35. Be2 Be5 36. h3 Bd6+ 37. b4 Rd4 38. Re4 Bxb4+ 39. Kb3 Rxe4 40. fxe4 Ba5 41. Bxb5 Kh6 42. Bc4 f6 43. Bg8 1/2-1/2

[Event "Christmas Open"]
[Site "Zadar"]
[Date "2003.12.18"]
[Round "6"]
[White "Leventic, Ivan"]
[Black "Kozul, Zdenko"]
[Result "0-1"]
[WhiteElo "2480"]
[BlackElo "2597"]
[PlyCount "128"]
[EventDate "2003.12.15"]
[Source "Roberto Alvarez"]
[SourceDate "2003.12.22"]

1. e4 c5 2. Nf3 d6 3. d4 cxd4 4. Nxd4 Nf6 5. f3 a6 6. c4 e6 7. Nc3 Qc7 8. Be2 Nbd7 9. Be3 b6 10. O-O Bb7 11. Qd2 Be7 12. Rfc1 O-O 13. Bf1 Rac8 14. a4 Qb8 15. Nb3 Bd8 16. a5 Nc5 17. Ra3 bxa5 18. Nxc5 dxc5 19. Na4 Bc7 20. g3 Rfd8 21. Qf2 Bc6 22. Nxc5 Qa8 23. Rd3 Rxd3 24. Nxd3 Rb8 25. Bd4 a4 26. Be5 Bxe5 27. Nxe5 Nd7 28. Nxd7 Bxd7 29. Qd4 Qb7 30. Rd1 Be8 31. Rd2 Qb4 32. Qd6 Qxd6 33. Rxd6 Rxb2 34. Rxa6 Kf8 35. e5 Ke7 36. f4 g6 37. Ra7+ Kf8 38. Ra8 Ke7 39. Ra7+ Kf8 40. Ra8 Rc2 41. Bd3 Rc3 42. Be2 Ke7 43. Ra7+ Bd7 44. Kf2 Kd8 45. Ke1 Rc2 46. Kf2 Kc8 47. Ke3 Bc6 48. Ra5 Ra2 49. h4 Kb7 50. c5 Ra3+ 51. Kf2 Rc3 52. g4 a3 53. Ke1 Bd5 54. Kd2 Rg3 55. h5 gxh5 56. gxh5 h6 57. Bd1 a2 58. Bc2 Rg1 59. Bd1 Rf1 60. Ra3 Kc6 61. Ra5 Rxf4 62. Ba4+ Kc7 63. Bb5 Rb4 64. Bd3 Rb1 0-1

[Event "LXI Lega superiore camp. russo"]
[Site "Novokuznetsk RUS"]
[Date "2008.09.10"]
[Round "7"]
[White "Lintchevski, D."]
[Black "Shomoev, A."]
[Result "1-0"]
[WhiteElo "2506"]
[BlackElo "2566"]
[PlyCount "135"]
[EventDate "2008.09.03"]
[Source "www.chesslib.no"]
[SourceDate "2004.05.04"]

1. e4 c5 2. Nf3 d6 3. d4 cxd4 4. Nxd4 Nf6 5. f3 e5 6. Nb3 a5 7. Bb5+ Nc6 8. Nc3 Be7 9. Be3 O-O 10. O-O Na7 11. Be2 Bd7 12. a4 Be6 13. Nd5 Bxd5 14. exd5 Nc8 15. Bb5 Nh5 16. Qd2 Bf6 17. Rad1 g6 18. c3 Bg7 19. Nc1 b6 20. b4 Ne7 21. bxa5 bxa5 22. c4 Nf5 23. c5 dxc5 24. Bxc5 Bh6 25. Qe1 Rc8 26. Bc6 Bf4 27. Nd3 Qg5 28. Nxf4 exf4 29. Qe5 Rfd8 30. Rfe1 h6 31. Bb6 Rd6 32. Bxa5 f6 33. Qe2 Ne3 34. Bb4 Rdd8 35. Be7 Ng7 36. Bxd8 Rxd8 37. Rd2 Qe5 38. Qd3 Ngf5 39. a5 Ne7 40. Qb3 Kf8 41. Bb7 Qd6 42. Qb6 Qxb6 43. axb6 Rb8 44. d6 Rxb7 45. dxe7+ Kxe7 46. g3 g5 47. gxf4 gxf4 48. Rd4 Rxb6 49. Rxf4 Re6 50. Kf2 Nd5 51. Rxe6+ Kxe6 52. Rh4 Kf7 53. Rxh6 Kg7 54. Rh5 Ne7 55. Rc5 Kg6 56. Kg3 Nf5+ 57. Kf4 Ng7 58. Ra5 Ne8 59. h4 Nd6 60. h5+ Kh6 61. Ra6 Ne8 62. Kg4 Kg7 63. Re6 Kf7 64. Rxe8 Kxe8 65. Kf5 Kf7 66. h6 Kg8 67. Kxf6 Kh7 68. Kg5 1-0

[Event "Tch (Men) 2005/2006 AUT"]
[Site "?"]
[Date "2006.01.20"]
[Round "6"]
[White "Luther Thomas"]
[Black "Ginsburg Gennadij"]
[Result "1/2-1/2"]
[WhiteElo "2569"]
[BlackElo "2503"]
[PlyCount "120"]
[EventDate "2006.??.??"]
[Source "www.chesslib.no"]
[SourceDate "2004.05.04"]

1. e4 c5 2. Nf3 d6 3. d4 cxd4 4. Nxd4 Nf6 5. f3 g6 6. c4 Bg7 7. Nc3 O-O 8. Be3 Nc6 9. Nc2 b6 10. Be2 Bb7 11. O-O e6 12. Qd2 d5 13. cxd5 exd5 14. exd5 Ne7 15. d6 Ned5 16. Nxd5 Nxd5 17. Bd4 Qxd6 18. Bxg7 Kxg7 19. Qd4+ Qf6 20. Qxf6+ Kxf6 21. Rfd1 Rfd8 22. Kf2 Nf4 23. Bf1 Rac8 24. Ne3 g5 25. Bc4 h5 26. Rxd8 Rxd8 27. Rd1 Rxd1 28. Nxd1 Bd5 29. Ne3 Bxc4 30. Nxc4 Ke6 31. g3 Nd3+ 32. Ke3 Nc1 33. a3 Kd5 34. Nd2 f5 35. Nf1 Nb3 36. Kd3 f4 37. gxf4 gxf4 38. Kc3 Nd4 39. Nd2 h4 40. a4 h3 41. Kd3 Nc6 42. Ne4 Ne5+ 43. Ke2 Kc4 44. Ng5 Kb3 45. Nxh3 Ng6 46. Kd3 Kxb2 47. Ke4 Kb3 48. Nxf4 Nxf4 49. Kxf4 Kxa4 50. h4 b5 51. h5 b4 52. h6 b3 53. h7 b2 54. h8=Q b1=Q 55. Qe8+ Qb5 56. Qe4+ Qb4 57. Ke3 Qxe4+ 58. Kxe4 Kb3 59. f4 a5 60. f5 a4 1/2-1/2

[Event "Hastings 8687"]
[Site "Hastings"]
[Date "1986.??.??"]
[Round "?"]
[White "Mestel, A Jonathan"]
[Black "Chandler, Murray G"]
[Result "1-0"]
[WhiteElo "2505"]
[BlackElo "2565"]
[PlyCount "68"]
[EventDate "1986.12.??"]
[Source "ChessBase"]

1. e4 c5 2. Nf3 d6 3. d4 cxd4 4. Nxd4 Nf6 5. f3 Nc6 6. c4 Qb6 7. Nc2 g6 8. Nc3 Bg7 9. Rb1 Ng4 10. Qd2 Bh6 11. Qe2 Bxc1 12. Nd5 Qd8 13. Rxc1 Nf6 14. Nxf6+ exf6 15. Qd2 f5 16. exf5 Bxf5 17. Ne3 Be6 18. Be2 O-O 19. O-O Re8 20. f4 Qb6 21. Rc3 Nd4 22. Bd3 f5 23. Kh1 Bf7 24. b4 Qxb4 25. Rb1 Qa5 26. Bf1 Re4 27. Nd5 Bxd5 28. cxd5 Rae8 29. Rxb7 Nb5 30. Rc2 Qxd2 31. Rxd2 Re1 32. Kg1 Nc3 33. Rc2 Nd1 34. Rc1 Nb2 1-0

[Event "Pamplona"]
[Site "?"]
[Date "2003.??.??"]
[Round "?"]
[White "Magem Badals, J."]
[Black "Borovikov, V."]
[Result "1/2-1/2"]
[WhiteElo "2500"]
[BlackElo "2570"]
[PlyCount "29"]
[EventDate "2003.??.??"]
[Source "Chess Informant"]
[SourceDate "2004.06.01"]

1. e4 c5 2. Nf3 d6 3. d4 cxd4 4. Nxd4 Nf6 5. f3 e5 6. Nb3 a5 7. Nc3 Be7 8. Bb5+ Bd7 9. a4 Nc6 10. Be3 O-O 11. O-O Be6 12. Nd5 Bxd5 13. exd5 Nb4 14. c4 Nh5 15. Qd2 1/2-1/2

[Event "Zepter op"]
[Site "Minsk"]
[Date "1998.05.03"]
[Round "9"]
[White "Korneev, Oleg"]
[Black "Rashkovsky, Nukhim N"]
[Result "1/2-1/2"]
[WhiteElo "2560"]
[BlackElo "2505"]
[PlyCount "85"]
[EventDate "1998.04.25"]
[Source "ChessBase"]
[SourceDate "1998.07.07"]

1. e4 c5 2. Nf3 d6 3. d4 cxd4 4. Nxd4 Nf6 5. f3 e5 6. Nb3 Be6 7. c4 Nbd7 8. Be3 Rc8 9. N1d2 Be7 10. Be2 O-O 11. O-O Nh5 12. Re1 Bg5 13. Bf2 g6 14. Rc1 Nf4 15. Bf1 Nc5 16. Nb1 Na4 17. Rc2 h5 18. Nc3 Nxc3 19. Rxc3 h4 20. Nc1 a6 21. Nd3 Nxd3 22. Qxd3 Rc6 23. Re2 Qa5 24. a3 Rfc8 25. Rec2 Bd8 26. b4 Qc7 27. Qd2 Be7 28. Be3 Qd8 29. Kh1 Kg7 30. Qc1 Qc7 31. Bd2 Qb6 32. Bh6+ Kh7 33. Be3 Qc7 34. h3 b5 35. c5 dxc5 36. Bxc5 Bxc5 37. Rxc5 Rxc5 38. Rxc5 Qd8 39. Rxc8 Bxc8 40. Qc5 Qd1 41. Qxc8 Qxf1+ 42. Kh2 Qe1 43. Qxa6 1/2-1/2

[Event "Alushta"]
[Site "Alushta"]
[Date "1999.03.03"]
[Round "1"]
[White "Svetushkin, Dmitry"]
[Black "Atalik, Suat"]
[Result "0-1"]
[WhiteElo "2471"]
[BlackElo "2593"]
[PlyCount "79"]
[EventDate "1999.03.03"]
[Source "ChessBase"]
[SourceDate "1999.06.08"]

1. e4 c5 2. Nf3 d6 3. d4 cxd4 4. Nxd4 Nf6 5. f3 Nc6 6. Nc3 e5 7. Nb3 Be7 8. Be3 O-O 9. Qd2 a5 10. Bb5 Na7 11. Be2 Be6 12. Rd1 Nc8 13. Bb5 Nb6 14. Qf2 Nfd7 15. Qe2 a4 16. Nc1 a3 17. b3 Qc7 18. Nd5 Bxd5 19. Bxd7 Nxd7 20. Rxd5 Nf6 21. Rd3 Rfc8 22. c3 Qa5 23. b4 Qb5 24. Bg5 Ra6 25. Bxf6 Bxf6 26. O-O Bg5 27. Nb3 h6 28. Qd1 Rac6 29. f4 Bxf4 30. Qf3 Qb6+ 31. Kh1 Qc7 32. g3 Bg5 33. h4 Bf6 34. Rc1 Rc4 35. b5 Qd7 36. Nd2 Rb4 37. cxb4 Qh3+ 38. Kg1 Rxc1+ 39. Nf1 Bd8 40. Qf2 0-1

[Event "St Petersburg-ch 73rd"]
[Site "St Petersburg"]
[Date "2000.04.13"]
[Round "11"]
[White "Shaposhnikov, Evgeny"]
[Black "Ionov, Sergey"]
[Result "1-0"]
[WhiteElo "2503"]
[BlackElo "2558"]
[PlyCount "117"]
[EventDate "2000.04.03"]
[Source "ChessBase"]
[SourceDate "2000.07.27"]

1. e4 c5 2. Nf3 d6 3. d4 cxd4 4. Nxd4 Nf6 5. f3 Nc6 6. c4 Qb6 7. Nc2 e6 8. Nc3 Be7 9. Bd3 O-O 10. Ne3 Ne5 11. O-O Rd8 12. Kh1 Nxd3 13. Qxd3 Qc6 14. b3 b6 15. Re1 Bb7 16. Nc2 a6 17. Nd4 Qc7 18. Bb2 Nd7 19. Rad1 Nc5 20. Qe3 Re8 21. f4 Bf6 22. Qg3 g6 23. e5 dxe5 24. fxe5 Bg7 25. Bc1 f5 26. Bf4 Rad8 27. Rd2 Qf7 28. Qe3 Qf8 29. Red1 Rc8 30. Nf3 h6 31. h4 Rcd8 32. Rd6 Rxd6 33. Rxd6 Qe7 34. Bxh6 Bxf3 35. Bg5 Bxg2+ 36. Kxg2 Qb7+ 37. Kg1 Nd7 38. Bf4 Bf8 39. Qg3 Kf7 40. h5 gxh5 41. Qg5 Bg7 42. Qxh5+ Kf8 43. Rxe6 Rxe6 44. Qxf5+ Rf6 45. exf6 Nxf6 46. Nd5 Qd7 47. Qxd7 Nxd7 48. Be3 b5 49. cxb5 axb5 50. Nc7 b4 51. Nd5 Bc3 52. Kf1 Kf7 53. Ke2 Ne5 54. Bd2 Bxd2 55. Kxd2 Nc6 56. Kd3 Ke6 57. Kc4 Ne5+ 58. Kd4 Nd3 59. Nc7+ 1-0